Logo BPK

Biblioteka

Politechniki Koszalińskiej

Die gläsernen Ringe : (Rekord nr 49450)

Szczegóły MARC
000 -ETYKIETA REKORDU
podpole kontrolne o stałej długości 00478nam a2200181 i 4500
001 - NUMER KONTROLNY REKORDU
pole kontrolne bgj
040 ## - ŹRÓDŁO KATALOGOWANIA
Instytucja, która utworzyła rekord BPK
041 0# - KOD JĘZYKA
Kod języka tekstu ger
044 ## - KOD KRAJU WYDAWCY/PRODUCENTA
Kod kraju wydawcy/producenta DEU
080 ## - UNIWERSALNA KLASYFIKACJA DZIESIĘTNA - UKD
UKD 821.112.2-3
008 - POLE O STAŁEJ DŁUGOŚCI - DANE KONTROLNE
podpole kontrolne o stałej długości s gw f |000 0 ger
100 1# - NAZWA OSOBOWA
Nazwa osobowa RINSER-SCHNELL, Luise.
245 10 - TYTUŁ/ODPOWIEDZIALNOŚĆ
Tytuł Die gläsernen Ringe :
Ciąg dalszy tytułu eine Erzählung /
Pozostałe elementy strefy tytułu i oznaczenia odpowiedzialności Luise Rinser-Schnell.
260 ## - STREFA ADRESU WYDAWNICZEGO
Miejsce wydania Berlin :
Nazwa wydawcy/dystrybutora S. Fischer Verlag,
Data publikacji, dystrybucji/powstania dokumentu 1941.
300 ## - STREFA OPISU FIZYCZNEGO
Objętość 251 s. ;
Rozmiary 19 cm.9
650 ## - HASŁO PRZEDMIOTOWE W FORMIE NAZWY OGÓLNEJ LUB JEDNOSTKOWEJ
Nazwa ogólna lub geograficzna Powieść niemiecka
856 ## - LOKALIZACJA I DOSTĘP DO ELEKTRONICZNYCH DOKUMENTÓW ZDALNYCH
Link (URL) http://koha.tu.koszalin.pl/cgi-bin/koha/opac-detail.pl?biblionumber=49450
Tekst linku Katalog online BPK
942 ## - DODATKOWE ELEMENTY (KOHA)
Typ dokumentu Książka
Egzemplarze
Wycofany Status egzemplarza Uszkodzony Ograniczenia udostępniania Dostępność Kolekcja Lokalizacja stała Lokalizacja bieżąca Miejsce przechowywania Sygnatura Kod kreskowy Typ dokumentu Uwaga przeznaczona na użytek publiczny
      Dostęp zastrzeżony Tylko na miejscu Bibliotekarstwo Biblioteka Politechniki Koszalińskiej Biblioteka Politechniki Koszalińskiej Zbiory Wewnętrzne N 1129 02435916 Książka D5
© 2023 Biblioteka Politechniki Koszalińskiej :: KOHA